000 00503cam a22001814a 4500
020 _a0072519584 (acidfree)
040 _cDLC
082 0 0 _a004 MCG 2004 A005 Or.
100 1 _aO'Leary, Timothy J.,
245 1 0 _aComputing essentials 2004 /
250 _aComplete ed.
260 _aBoston :
_bMcGraw-Hill/Irwin,
_c2004.
300 _axxviii, 467 p. :
_bill. (some col.) ;
_c28 cm.
500 _aIncludes index.
650 0 _aElectronic data processing.
700 1 _aO'Leary, Linda I.
942 _cEK
999 _c12957
_d12957